logo

Bir Sreshtho Munshi Abdur Rouf Library
Jhenaidah Cadet College

Pakistan Economics / (Record no. 5221)

MARC details
000 -LEADER
fixed length control field 00564nam a2200217 a 4500
001 - CONTROL NUMBER
JCCL Control Number 5221
003 - CONTROL NUMBER IDENTIFIER
JCCL marc code BD-JhCC
005 - DATE AND TIME OF LATEST TRANSACTION
control field 20180322190025.0
008 - FIXED-LENGTH DATA ELEMENTS--GENERAL INFORMATION
fixed length control field 171210s1965 bg |||| ||a| 000 0 eng d
035 ## - SYSTEM CONTROL NUMBER
system control number (BD-JhCC)5221
040 ## - CATALOGING SOURCE
Original cataloging agency BD-JhCC
Modifying agency BD-JhCC
041 ## - LANGUAGE CODE
Language code of Book eng
082 ## - DEWEY DECIMAL CLASSIFICATION NUMBER
Classification number 330.547
Author mark and Year RAH 1965
100 ## - MAIN ENTRY--PERSONAL NAME
Personal name Rahman, Hafiz Habibur
245 ## - TITLE STATEMENT
Title Pakistan Economics /
Statement of responsibility, etc Hafiz Habibur Rahman
260 ## - PUBLICATION, DISTRIBUTION, ETC. (IMPRINT)
Place of publication, distribution, etc Dacca :
Name of publisher, distributor, etc Ideal Publications,
Date of publication, distribution, etc 1695.
300 ## - PHYSICAL DESCRIPTION
Pagination 420 p. :
Dimensions 21 cm.
650 ## - SUBJECT ADDED ENTRY--TOPICAL TERM
Topical term or geographic name as entry element Economics Condition
Geographic subdivision Pakistan
942 ## - ADDED ENTRY ELEMENTS (KOHA)
Source of classification or shelving scheme Dewey Decimal Classification
Koha item type Books
Holdings
Source of classification or shelving scheme Damaged status Not for loan Home library Current library Shelving location Date of accession Total Checkouts Full call number Barcode Date last seen Copy number Koha item type Cost, normal purchase price
Dewey Decimal Classification     JCC Rouf Library JCC Rouf Library General Stacks 12/10/2017   330.547 RAH 1965 7103 12/10/2017 C-1 Books  
Dewey Decimal Classification     JCC Rouf Library JCC Rouf Library General Stacks 03/22/2018   330.547 RAH 1965 11262 03/22/2018 C - 2 Books 5.50

JCC Library | Contacts | JCC Home

Last Update on 23 September 2017
Copyright @ 2017-2020 JCC Rouf Library
Rouf Library, Jhenidah Cadet College (JCC), Bangladesh